<?xml version="1.0" encoding="UTF-8"?><?xml-stylesheet type="text/xsl" href="static/style.xsl"?><OAI-PMH xmlns="http://www.openarchives.org/OAI/2.0/" xmlns:xsi="http://www.w3.org/2001/XMLSchema-instance" xsi:schemaLocation="http://www.openarchives.org/OAI/2.0/ http://www.openarchives.org/OAI/2.0/OAI-PMH.xsd"><responseDate>2026-04-27T18:10:42Z</responseDate><request verb="GetRecord" identifier="oai:riubu.ubu.es:10259/5192" metadataPrefix="marc">https://riubu.ubu.es/oai/request</request><GetRecord><record><header><identifier>oai:riubu.ubu.es:10259/5192</identifier><datestamp>2023-08-28T12:12:02Z</datestamp><setSpec>com_10259.4_2503</setSpec><setSpec>com_10259_5086</setSpec><setSpec>com_10259_2604</setSpec><setSpec>col_10259.4_2504</setSpec></header><metadata><record xmlns="http://www.loc.gov/MARC21/slim" xmlns:doc="http://www.lyncode.com/xoai" xmlns:xsi="http://www.w3.org/2001/XMLSchema-instance" xmlns:dcterms="http://purl.org/dc/terms/" xsi:schemaLocation="http://www.loc.gov/MARC21/slim http://www.loc.gov/standards/marcxml/schema/MARC21slim.xsd">
<leader>00925njm 22002777a 4500</leader>
<datafield tag="042" ind1=" " ind2=" ">
<subfield code="a">dc</subfield>
</datafield>
<datafield tag="720" ind1=" " ind2=" ">
<subfield code="a">Zaparaín Yáñez, Mª José</subfield>
<subfield code="e">author</subfield>
</datafield>
<datafield tag="720" ind1=" " ind2=" ">
<subfield code="a">Escorial Esgueva, Juan</subfield>
<subfield code="e">author</subfield>
</datafield>
<datafield tag="260" ind1=" " ind2=" ">
<subfield code="c">2019</subfield>
</datafield>
<datafield tag="520" ind1=" " ind2=" ">
<subfield code="a">La familia de los condes de Miranda constituye un singular exponente de las transformaciones experimentadas&#xd;
por la alta nobleza entre el final de la Edad Moderna y los inicios del mundo contemporáneo. En este proceso,&#xd;
su promoción artística se convirtió en un elocuente testimonio de su adaptación al paso del tiempo. Las importantes&#xd;
empresas que llevaron a cabo, tanto en Madrid como en sus fundaciones burgalesas, reflejan la apuesta por destacados&#xd;
profesionales y sus relaciones con los círculos académicos. Todo ello pone de manifiesto, a través de su gusto y sus trayectorias&#xd;
personales, la evolución entre el recuerdo del pasado y el triunfo del individuo, así como el aprecio de los valores&#xd;
estéticos como marca de identidad nobiliaria.</subfield>
</datafield>
<datafield tag="520" ind1=" " ind2=" ">
<subfield code="a">The Counts of Miranda’s lineage is an exponent of the transformations that affected the idea of nobility&#xd;
in the end of the Modern Age and the beginning of the Contemporary world. Their artistic promotion in Madrid and&#xd;
Burgos shows their adaptation to the changes and reflects how they tasked their projects to renowned artists with academic&#xd;
relationship and reveals the social transformations in this period. Their personal trajectories shows the evolution of&#xd;
their own history and the value of artistic expressions to identify their social position.</subfield>
</datafield>
<datafield tag="024" ind2=" " ind1="8">
<subfield code="a">1696-0319</subfield>
</datafield>
<datafield tag="024" ind2=" " ind1="8">
<subfield code="a">http://hdl.handle.net/10259/5192</subfield>
</datafield>
<datafield tag="024" ind2=" " ind1="8">
<subfield code="a">10.18002/da.v0i18.5896</subfield>
</datafield>
<datafield tag="024" ind2=" " ind1="8">
<subfield code="a">2444-0256</subfield>
</datafield>
<datafield ind1=" " ind2=" " tag="653">
<subfield code="a">Condes de Miranda</subfield>
</datafield>
<datafield ind1=" " ind2=" " tag="653">
<subfield code="a">Madrid</subfield>
</datafield>
<datafield ind1=" " ind2=" " tag="653">
<subfield code="a">Peñaranda de Duero (Burgos)</subfield>
</datafield>
<datafield ind1=" " ind2=" " tag="653">
<subfield code="a">La Aguilera (Burgos)</subfield>
</datafield>
<datafield ind1=" " ind2=" " tag="653">
<subfield code="a">José de Hermosilla</subfield>
</datafield>
<datafield ind1=" " ind2=" " tag="653">
<subfield code="a">Ventura Rodríguez</subfield>
</datafield>
<datafield ind1=" " ind2=" " tag="653">
<subfield code="a">Agustín Esteve</subfield>
</datafield>
<datafield ind1=" " ind2=" " tag="653">
<subfield code="a">Counts of Miranda</subfield>
</datafield>
<datafield tag="245" ind1="0" ind2="0">
<subfield code="a">Gusto y promoción en el contexto cortesano: los condes de Miranda en el tránsito a la Contemporaneidad</subfield>
</datafield>
</record></metadata></record></GetRecord></OAI-PMH>